Catálogo

La religión y el origen de la cultura occidental / (Registro nro. 24154)

Detalles MARC
000 -LEADER
fixed length control field 01428cam a2200385 i 4500
001 - CONTROL NUMBER
control field 24154
003 - CONTROL NUMBER IDENTIFIER
control field Mx-PuUPA
005 - DATE AND TIME OF LATEST TRANSACTION
control field 20250630102155.0
008 - FIXED-LENGTH DATA ELEMENTS--GENERAL INFORMATION
fixed length control field 140415s1995 sp gr 000 0 spa d
017 ## - COPYRIGHT OR LEGAL DEPOSIT NUMBER
Copyright or legal deposit number M. 29.971-1995
020 ## - INTERNATIONAL STANDARD BOOK NUMBER
International Standard Book Number 8474903742
040 ## - CATALOGING SOURCE
Original cataloging agency Mx-PuUPA
Language of cataloging spa
Transcribing agency Mx-PuUPA
Modifying agency Mx-PuUPA
Description conventions rda
041 1# - LANGUAGE CODE
Language code of text/sound track or separate title spa
Language code of original eng
043 ## - GEOGRAPHIC AREA CODE
Geographic area code e------
100 1# - MAIN ENTRY--PERSONAL NAME
Personal name Dawson, Christopher,
Dates associated with a name 1889-1970,
Relator term autor
9 (RLIN) 6501
240 10 - UNIFORM TITLE
Uniform title Religion and the rise of western culture.
Language of a work Español
245 10 - TITLE STATEMENT
Title La religión y el origen de la cultura occidental /
Statement of responsibility, etc. Christopher Dawson, traducción, Elena Vela
264 #1 - PRODUCTION, PUBLICATION, DISTRIBUTION, MANUFACTURE, AND COPYRIGHT NOTICE
Place of production, publication, distribution, manufacture Madrid :
Name of producer, publisher, distributor, manufacturer Ediciones Encuentro,
Date of production, publication, distribution, manufacture, or copyright notice 1995
300 ## - PHYSICAL DESCRIPTION
Extent 228 páginas ;
Dimensions 23 cm
336 ## - CONTENT TYPE
Fuente rdacontent
Content type term texto
Content type code txt
337 ## - MEDIA TYPE
Source rdamedia
Media type term sin medio
Media type code n
338 ## - CARRIER TYPE
Source rdacarrier
Carrier type term volumen
Carrier type code nc
490 0# - SERIES STATEMENT
Series statement Ensayos ;
Volume/sequential designation 90
650 #7 - SUBJECT ADDED ENTRY--TOPICAL TERM
Source of heading or term armarc
Topical term or geographic name entry element Civilización
General subdivision Influencias occidentales cristianas
650 #7 - SUBJECT ADDED ENTRY--TOPICAL TERM
Source of heading or term armarc
Topical term or geographic name entry element Civilización Cristiana
650 #7 - SUBJECT ADDED ENTRY--TOPICAL TERM
Source of heading or term armarc
Topical term or geographic name entry element Cristianismo
Geographic subdivision Europa
Chronological subdivision Edad media
General subdivision Estudios y conferencias
650 #7 - SUBJECT ADDED ENTRY--TOPICAL TERM
Source of heading or term armarc
Topical term or geographic name entry element Cultura y civilización
Geographic subdivision Europa
Chronological subdivision Edad media
General subdivision Estudios y conferencias
650 #7 - SUBJECT ADDED ENTRY--TOPICAL TERM
Source of heading or term armarc
Topical term or geographic name entry element Iglesia
General subdivision Historia
Chronological subdivision Edad media
700 1# - ADDED ENTRY--PERSONAL NAME
Personal name Vela, Elena,
Relator term traductor
765 0# - ORIGINAL LANGUAGE ENTRY
Main entry heading Dawson, Christopher,
Title Religion and the rise of western culture.
942 ## - ADDED ENTRY ELEMENTS (KOHA)
Source of classification or shelving scheme Dewey Decimal Classification
Koha item type Libro
Classification part 274
Item part D2618
Existencias
Withdrawn status Lost status Source of classification or shelving scheme Damaged status Not for loan Collection code Home library Current library Shelving location Date acquired Source of acquisition Total Checkouts Full call number Barcode Date last seen Price effective from Koha item type
    Dewey Decimal Classification     General Centro de Estudios en Ciencia y Religión Centro de Estudios en Ciencia y Religión Sala general 03/12/2013 Compra   274 D2618 1995 45119 05/01/2026 03/12/2013 Libro